The international crisis in the Caribbean (Record no. 22890)

MARC details
000 -LEADER
campo de control de longitud fija 01126cam a2200349Ka 4500
001 - NÚMERO DE CONTROL
campo de control 92613
005 - FECHA Y HORA DE LA ÚLTIMA TRANSACCIÓN
campo de control 20230410103632.0
008 - DATOS DE LONGITUD FIJA--INFORMACIÓN GENERAL
campo de control de longitud fija 100322s1984 enkb ob 001 0 eng d
035 ## - NÚMERO DE CONTROL DEL SISTEMA
Número de control de sistema (OCoLC)ocn566118981
040 ## - FUENTE DE CATALOGACIÓN
Centro catalogador/agencia de origen OCLCE
Lengua de catalogación eng
Centro/agencia transcriptor OCLCE
Centro/agencia modificador OCLCQ
020 ## - NÚMERO INTERNACIONAL ESTÁNDAR DEL LIBRO
ISBN cancelado o inválido 0709920520
020 ## - NÚMERO INTERNACIONAL ESTÁNDAR DEL LIBRO
ISBN cancelado o inválido 9780709920526
035 ## - NÚMERO DE CONTROL DEL SISTEMA
Número de control de sistema (OCoLC)566118981
042 ## - CÓDIGO DE AUTENTICACIÓN
Código de autenticación dlr
043 ## - CÓDIGO DE ÁREA GEOGRÁFICA
Código de área geográfica cc-----
050 14 - SIGNATURA TOPOGRÁFICA DE LA BIBLIOTECA DEL CONGRESO
Número de clasificación 200 F 2183
Número de ítem P346i 1984
082 00 - NÚMERO DE LA CLASIFICACIÓN DECIMAL DEWEY
Número de clasificación 327.729
049 ## - FONDOS LOCALES (OCLC)
Biblioteca depositaria GRAL
100 1# - ENTRADA PRINCIPAL--NOMBRE DE PERSONA
Nombre de persona Payne, Anthony,
Fechas asociadas al nombre 1952-
245 14 - MENCIÓN DEL TÍTULO
Título The international crisis in the Caribbean
Medio [electronic resource] /
Mención de responsabilidad, etc. Anthony Payne.
260 ## - PUBLICACIÓN, DISTRIBUCIÓN, ETC.
Lugar de publicación, distribución, etc. London :
Nombre del editor, distribuidor, etc. Croom Helm,
Fecha de publicación, distribución, etc. c1984.
300 ## - DESCRIPCIÓN FÍSICA
Extensión 177 p. :
Otras características físicas map. ;
Dimensiones 22 cm.
504 ## - NOTA DE BIBLIOGRAFÍA, ETC.
Nota de bibliografía, etc. Includes bibliographical references (p. 171-173) and index.
651 #0 - PUNTO DE ACCESO ADICIONAL DE MATERIA--NOMBRE GEOGRÁFICO
Nombre geográfico Caribbean Area
Subdivisión general Foreign relations
Subdivisión cronológica 1945-
651 #0 - PUNTO DE ACCESO ADICIONAL DE MATERIA--NOMBRE GEOGRÁFICO
Nombre geográfico Caribbean Area
Subdivisión general History.
651 #4 - PUNTO DE ACCESO ADICIONAL DE MATERIA--NOMBRE GEOGRÁFICO
Nombre geográfico Caribe (Región)
Subdivisión general Relaciones exteriores.
651 #4 - PUNTO DE ACCESO ADICIONAL DE MATERIA--NOMBRE GEOGRÁFICO
Nombre geográfico Caribe (Región)
Subdivisión general Historia.
856 40 - LOCALIZACIÓN Y ACCESO ELECTRÓNICOS
Materiales especificados HathiTrust Digital Library
Identificador Uniforme de Recursos <a href="http://catalog.hathitrust.org/api/volumes/oclc/21761792.html">http://catalog.hathitrust.org/api/volumes/oclc/21761792.html</a>
942 ## - ELEMENTOS DE ENTRADA SECUNDARIOS (KOHA)
Fuente del sistema de clasificación o colocación Clasificación de Library of Congress
Tipo de ítem Koha
994 ## -
-- C0
-- DRFGD
946 ## - PROCESAMIENTO DE INFORMACIÓN LOCAL (OCLC)
a JCM
Holdings
Estatus retirado Estado de pérdida Fuente del sistema de clasificación o colocación Estado de daño No para préstamo Colección Biblioteca de origen Biblioteca actual Ubicación en estantería Fecha de adquisición Serial enumeration / chronology Signatura topográfica completa Código de barras Visto por última vez Copia número Tipo de ítem Koha
    Clasificación de Library of Congress     Recursos Regionales Biblioteca Juan Bosch Biblioteca Juan Bosch Recursos Regionales (2do. Piso) 10/04/2023 1 200 F 2183 P346i 1984 00000084447 23/10/2018 1